Types of Shy Guy - Statistics

General Stats
  • This quiz has been taken 11 times
    7 since last reset
  • The average score is 82 of 208
Answer Stats
Game of origin Answer % Correct
Paper Mario Anti Guy
100%
Super Mario World 2: Yoshi's Island Bandit
100%
Super Mario All-Stars Blue Shy Guy
100%
Paper Mario General Guy
100%
Mario Strikers Charged Orange Shy Guy
100%
Mario & Luigi: Paper Jam Paper Shy Guy
100%
Super Mario Bros. 2 Pink Shy Guy
100%
Super Mario Bros. 2 Red Shy Guy
100%
Super Mario Bros. 2 Red Snifit
100%
Mario Tennis Shyguy
100%
Mario Party 4 Shy Guy
100%
Super Mario World 2: Yoshi's Island Shy-Guy on Stilts
100%
Paper Mario: Color Splash Slurp Guy
100%
Paper Mario Stilt Guy
100%
Paper Mario: Sticker Star Accordion Guy
67%
Paper Mario: Color Splash Animal Trainer Shy Guy
67%
Paper Mario: The Thousand-Year Door Badge Bandit
67%
Paper Mario: The Thousand-Year Door Bandy Andy
67%
Paper Mario: The Thousand-Year Door Big Bandit
67%
Yoshi's Story Black Shy Guy
67%
Yoshi's Woolly World Brown Shy Guy
67%
Paper Mario: Sticker Star Clip Guy
67%
Yoshi's Woolly World Dark Green Shy Guy
67%
Paper Mario: The Thousand-Year Door Eddy the Mask
67%
Super Mario World 2: Yoshi's Island Fat Guy
67%
Super Mario World 2: Yoshi's Island Fly Guy
67%
Yoshi's Crafted World Fly Heyho
67%
Yoshi's Story Flying Shy Guy
67%
Luigi's Mansion Ghost Guy
67%
Paper Mario Gourmet Guy
67%
Mario Super Sluggers Gray Shy Guy
67%
Super Mario Bros. 2 Gray Snifit
67%
Super Mario World 2: Yoshi's Island Green Glove
67%
Super Mario World 2: Yoshi's Island Green Shy Guy
67%
Super Mario Bros. 2 Green Snifit
67%
Paper Mario Groove Guy
67%
Mario & Luigi: Superstar Saga Gunner Guy
67%
Super Mario World 2: Yoshi's Island Itsunomanika Heihō
67%
Yoshi Topsy-Turvy King Debuhō
67%
Paper Mario: Color Splash Laundry Guy
67%
Paper Mario: Sticker Star Maraca Guy
67%
Paper Mario Medi Guy
67%
Yoshi's Woolly World Orange Snifit
67%
Paper Mario: The Origami King Origami Shy Guy
67%
Paper Mario: Sticker Star Paint Guy
67%
Paper Mario: The Origami King Paper Macho Shy Guy
67%
Paper Mario: The Origami King Paper Macho Snifit
67%
Paper Mario: The Origami King Paper Macho Snifit Outlaw
67%
Mario & Luigi: Paper Jam Paper Sombrero Guy
67%
Mario & Luigi: Paper Jam Paper Spear Guy
67%
Super Mario Bros. 2 Pink Snifit
67%
Yoshi's Woolly World Purple Shy Guy
67%
Mario Kart: Double Dash!! Purple Snifit
67%
Paper Mario Pyro Guy
67%
Paper Mario: Color Splash Roller Guy
67%
Mario & Luigi: Bowser's Inside Story Sergeant Guy
67%
Paper Mario: Color Splash Shield Guy
67%
Paper Mario: Color Splash Shy Guy 5-Stack
67%
Yoshi's Woolly World Shy Guy Tower
67%
Paper Mario Shy Squad
67%
Paper Mario Shy Stack
67%
Paper Mario Sky Guy
67%
Paper Mario: Color Splash Soggy Guy
67%
Paper Mario: Sticker Star Sombrero Guy
67%
Super Mario World 2: Yoshi's Island Spear Guy
67%
Paper Mario: Color Splash Spike Snifit
67%
Super Mario RPG: Legend of the Seven Stars Spookum/Blue Snifit
67%
Paper Mario Spy Guy
67%
Mario vs. Donkey Kong 2: March of the Minis Spyguy
67%
Paper Mario: Color Splash The Shy Bandit
67%
Paper Mario: Color Splash Unicycle Shy Guy
67%
Paper Mario: Color Splash Whistle Snifit
67%
Yoshi's Story White Shy Guy
67%
Super Mario World 2: Yoshi's Island Yellow Shy Guy
67%
Super Mario RPG: Legend of the Seven Stars Apprentice
33%
Super Mario Bros. 2 Beezo
33%
Yoshi's Island DS Big Guy the Stilted
33%
Paper Mario Big Lantern Ghost
33%
Super Mario World 2: Yoshi's Island Big Shy Guy
33%
Super Mario RPG: Legend of the Seven Stars Bodyguard
33%
Yoshi's Woolly World Bomb Guy
33%
Super Mario World 2: Yoshi's Island Boo Guy
33%
Mario & Luigi: Partners in Time Boom Guy
33%
Yoshi's Story Burner Heihō
33%
Mario Party 8 Captain Shy Guy
33%
Mario & Luigi: Superstar Saga Chuck Guy
33%
Paper Mario: Color Splash Coal Guy
33%
Super Mario World 2: Yoshi's Island Coin Bandit
33%
Mario Kart DS Cyan Shy Guy/Light Blue Shy Guy
33%
Luigi's Mansion Dancing masked ghost
33%
Super Mario World 2: Yoshi's Island Dancing Spear Guy
33%
Mario & Luigi: Superstar Saga + Bowser's Minions Dark Sergeant Guy
33%
Yoshi's New Island Door Heihō
33%
Mario & Luigi: Dream Team Dreamy Shy Guy
33%
Mario & Luigi: Superstar Saga + Bowser's Minions Elite Chuck Guy
33%
Mario Kart Tour Exploring Shy Guy
33%
Yoshi's New Island Fake Yoshi
33%
Mario & Luigi: Bowser's Inside Story Fawful Guy
33%
Mario vs. Donkey Kong Fire Shy Guy
33%
Mario & Luigi: Bowser's Inside Story Flying Snifit
33%
Mario Party 3 Game Guy
33%
Mario & Luigi: Partners in Time Ghoul Guy
33%
Mario & Luigi: Brothership Glohm Shy Guy
33%
Super Mario RPG: Legend of the Seven Stars Glum Reaper
33%
Paper Mario: Color Splash Gold Shy Guy
33%
Super Mario RPG: Legend of the Seven Stars Greaper
33%
Yoshi's Woolly World Hook Guy
33%
Paper Mario: Sticker Star Host Snifit
33%
Mario & Luigi: Superstar Saga Ice Snifit
33%
Paper Mario: Color Splash Informant Mūcho
33%
Super Mario World 2: Yoshi's Island Lantern Ghost
33%
Paper Mario: The Thousand-Year Door Larson
33%
Mario & Luigi: Superstar Saga Laser Snifit
33%
Super Mario RPG: Legend of the Seven Stars Machine Made (Shyster)
33%
Mario Party Mecha Fly Guy
33%
Yoshi's New Island Mega Kantera
33%
Yoshi's New Island Metal Guy
33%
Super Mario World 2: Yoshi's Island Mufti Guy
33%
Yoshi's Crafted World Ninja Guy
33%
Mario Party Advance Petal Guy
33%
Yoshi's Woolly World Pharaoh Guy
33%
Mario vs. Donkey Kong Polterguy
33%
Yoshi Touch & Go Propeller Mūcho
33%
Paper Mario: Color Splash Pry Guy
33%
Yoshi's Crafted World Rush Heyho
33%
Yoshi's Story Sensuikan Heihō
33%
Paper Mario: Color Splash Shunned Guy
33%
Super Mario RPG: Legend of the Seven Stars Shy Away
33%
Paper Mario: Color Splash Shy Guy 4-Stack
33%
Mario & Luigi: Dream Team Shy Guy Airtub
33%
Mario & Luigi: Dream Team Shy Guy Airtub DX
33%
Mario & Luigi: Dream Team Shy Guy Airtub R
33%
Mario Party 8 Shy Guy chef
33%
Mario Kart Tour Shy Guy (Gold)
33%
Mario Kart Tour Shy Guy (Ninja)
33%
Mario Kart Tour Shy Guy (Pastry Chef)
33%
Mario & Luigi: Dream Team Shy Guy R
33%
Yoshi's Story Shy Guys on Pogo Sticks
33%
Super Mario RPG: Legend of the Seven Stars Shyndelier
33%
Super Mario RPG: Legend of the Seven Stars Shyster/Shymore
33%
Paper Mario: Color Splash Silver Shy Guy
33%
Yoshi's Crafted World Skall Heyho
33%
Mario Kart: Double Dash!! Skating Shy Guy
33%
Super Mario World 2: Yoshi's Island Slugger
33%
Paper Mario: Color Splash Slurp Snifit
33%
Mario & Luigi: Bowser's Inside Story Sneed
33%
Mario Party 2 Snifit Patrol
33%
Mario Kart Wii Snowboarding Shy Guy
33%
Yoshi's Story Snow Guy
33%
Super Mario 64 Snufit
33%
Paper Mario: Color Splash Spike Guy
33%
Mario & Luigi: Superstar Saga Spiky Snifit
33%
Super Mario World 2: Yoshi's Island Spooky
33%
Super Mario World 2: Yoshi's Island Stretch
33%
Yoshi's New Island Tetu Kantera
33%
Paper Mario: Color Splash Trampoline Shy Guys
33%
Yoshi's New Island Tree Heihō
33%
Super Mario World 2: Yoshi's Island Whirly Fly Guy
33%
Paper Mario: Color Splash Yellow Snifit
33%
Yoshi's Crafted World Attack Ghost
0%
Yoshi's Story Bamboo Dancers
0%
Yoshi's Crafted World Bazooka Heyho
0%
Paper Mario: Color Splash Chariot Snifit
0%
Mario & Luigi: Bowser's Inside Story Dark Fawful Guy
0%
Paper Mario: The Origami King DJ Snifit
0%
Yoshi's Crafted World Donguri Heyho
0%
Mario & Luigi: Partners in Time Elite Boom Guy
0%
Paper Mario: The Origami King Emcee Shy Guy
0%
Super Mario World 2: Yoshi's Island Flamer Guy
0%
Mario & Luigi: Bowser's Inside Story Flifit
0%
Mario & Luigi: Dream Team Fly Guy R
0%
Yoshi's Island DS Glide Guy
0%
Super Mario World 2: Yoshi's Island Grunt
0%
Mario Party Advance Hulu
0%
Yoshi's Crafted World Juggling Heyho
0%
Mario & Luigi: Bowser's Inside Story Leaf Guy
0%
Super Mario World 2: Yoshi's Island Mace Guy
0%
Yoshi's New Island Mega Guy
0%
Super Mario World 2: Yoshi's Island Mock Up
0%
Mario vs. Donkey Kong 2: March of the Minis Mummy Guy
0%
Mario vs. Donkey Kong 2: March of the Minis Phantom Guy
0%
Yoshi's Island DS Pirate Guy
0%
Super Mario World 2: Yoshi's Island Relay Heihō
0%
Yoshi's Island DS Rocket Guy
0%
Yoshi's Island DS Scorchit
0%
Paper Mario: Color Splash Shai Guyz
0%
Mario Party 8 Shy Guy conductor
0%
Yoshi's Story Shy Guy Galleon
0%
Mario Party 4 Shy Guy Well
0%
Super Mario RPG: Legend of the Seven Stars Shyper
0%
Super Mario RPG: Legend of the Seven Stars Shy Ranger
0%
Mario Party 7 Singing Shy Guy
0%
Super Mario RPG: Legend of the Seven Stars Sling Shy
0%
Mario & Luigi: Partners in Time Snifaro
0%
Yoshi's Woolly World Snifberg the Unfeeling
0%
Super Mario RPG: Legend of the Seven Stars Snifster
0%
Super Mario RPG: Legend of the Seven Stars Springer
0%
Paper Mario: The Thousand-Year Door Swindell
0%
Yoshi's Island DS Toober Guy
0%
Mario Party 7 Top Hat Shy Guy
0%
Super Mario World 2: Yoshi's Island Train Bandit
0%
Yoshi's Crafted World Vampire Heyho
0%
Mario & Luigi: Dream Team Walker Guy
0%
Super Mario World 2: Yoshi's Island Woozy Guy
0%
Mario vs. Donkey Kong Wrench Shy Guy
0%
Super Mario World 2: Yoshi's Island Zeus Guy
0%
Yoshi's Crafted World Zombie Debuho
0%
Yoshi's Crafted World Zombie Guy
0%
No matching quizzes found
Score Distribution
Percent of People with Each Score
Percentile by Number Answered
Your Score History
You have not taken this quiz since the last reset